000 01216nam a22001937a 4500
003 OSt
005 20251124132355.0
008 251115b |||||||| |||| 00| 0 eng d
040 _cDCL
082 _a၂၉၄.၃၈၂၂၄
130 _aတိပိဋက။
_pဝိနယပိဋက။
_tစူဠဝဂ္ဂ၊
_lပါဠိတော်၊
_sနိဿယ။
245 _aစူဠဝါပါဠိတော်နိဿယ၊
_nပထမတွဲ /
_cမြန်မာပြန်ဆိုသူ ဝေယံဘုံသာဆရာတော်။
264 _aရန်ကုန် ၊
_bသိန်းထွန်းပုံနှိပ်တိုက်၊
_bဣစ္ဆာသယစာပုံနှိပ်တိုက်၊
_c၂၀၀၈။
300 _aဃ၊ ၃၉၂ စာမျက်နှာ ၊
_aဈ, ၃၇၄ စာမျက်နှာ၊
_c၂၅ စင်တီ။
650 _aစူဠဝါ
_vပါဠိတော် နိဿယ။
650 _aစူဠဝဂ္ဂ
_vပါဠိတော် နိဿယ။
700 _aဝေယံဘုံသာဆရာတော်
_eမြန်မာပြန်ဆိုသူ
942 _2ddc
_cSHORT TERM
_n0
999 _c2471
_d2471